00552nam a2200157 a 450000500170000000800410001702000180005805000220007610000170009824500670011526000480018230000160023065000170024699900190026395201120028220140412111306.0010502s19uu xx 00 eng d a0-201-54176-9 aTR(PS EbAl1 1987 aEdwards, Pat aAlexander wish /cPat Edwards; illustrated by Alice Englander. aCanada :bLongman Cheshire Pty. Ltd,c1987. a23p. ; ill. aWish-Fiction c103709d103709 001040aELbELcTRd2001-05-02eLib. Fundl0oTR(PS E Al1 1987pE5756r2014-04-12 00:00:00w2014-04-12yBK